000 00878nam a2200253 i 4500
001 18516
003 ES-MaACL
005 20260115063023.0
007 t|
008 020128s1983 sp a ||||0| spa j
020 _a84-320-4299-4
040 _aM-BN
_bspa
_cM-BN
080 _a32(46)"1975"..."
100 1 _aClavero Arévalo, Manuel,
_d1926-
_939131
245 1 0 _aEspaña, desde el centralismo a las autonomías /
_cManuel Clavero Arévalo ; prólogo de Eduardo García de Enterría.
260 _aBarcelona :
_bPlaneta,
_c1983.
300 _a222 p., 1 h :
_bil ;
_c20 cm.
490 1 _aColección Documento ;
_v115
651 4 _aEspaña-
_xPolítica y gobierno-
_y1975-1982.
_98447
700 1 _aGarcía de Enterría, Eduardo.
_954425
830 0 _aColección Documento ;
_v115
_9179817
852 _aES-MaACL
_jG-1302
_bR.130962
999 _c18516
_d18516